| 000 | 00881cam a2200289 a 4500 | ||
|---|---|---|---|
| 003 | DO-SdBPM | ||
| 005 | 20250725071828.0 | ||
| 007 | ta | ||
| 008 | 950123s2023 sp 000 1 spa | ||
| 020 | _a9788466370042 | ||
| 040 |
_aDO-SdBPM _bspa _cBPMSU _erda _d _d _d |
||
| 082 | 4 |
_aA863. _bK19p 2023 _222 |
|
| 100 | 1 |
_a Perfumo, Cristian, _d1983 _eautor |
|
| 245 | 1 | 0 |
_aRescate gris / _cCristian Perfumo. |
| 264 |
_aBarcelona : _bPenguin Random House Editorial, _c2023 |
||
| 300 |
_a326 páginas . ; _c23 cm. |
||
| 336 |
_atexto _btxt _2rdacontent |
||
| 337 |
_asin mediación _bn _2rdamedia |
||
| 338 |
_avolumen _bnc _2rdacarrier |
||
| 500 | _aBest-seller. | ||
| 590 | _aInventariado, 2025/VM | ||
| 650 | 7 |
_aNovela argentina _v _x |
|
| 650 | 7 |
_aNovela de suspenso _x _v |
|
| 650 | 7 |
_aPuerto Deseado _vNovela |
|
| 910 | _aVMateo V. Control de calidad. BPMSU | ||
| 942 |
_2ddc _cBK |
||
| 999 |
_c15267 _d15267 |
||